| Tag |
First Indicator |
Second Indicator |
Subfields |
| LEADER |
00000cam a2200000 a 4500 |
| 001 |
in00001069152 |
| 005 |
20220309161427.0 |
| 008 |
840718s1983 txud tb 000 0 eng d |
| 035 |
|
|
|a (OCoLC)10961642
|
| 035 |
|
|
|9 AFM7354AM
|
| 040 |
|
|
|a CBT
|c CBT
|d IKM
|d UtOrBLW
|
| 043 |
|
|
|a n-us-tx
|
| 049 |
|
|
|a IKMd
|
| 090 |
|
|
|a HE203
|b .T43 no.183-15F
|
| 099 |
|
9 |
|a H1333.7
|a R311
|a 183-15F
|
| 100 |
1 |
|
|a Kennedy, Thomas William,
|d 1938-
|
| 245 |
1 |
0 |
|a Tensile characterization of highway pavement materials /
|c by Thomas W. Kennedy ; conducted for Texas State Department of Highways and Public Transportation, in cooperation with the U. S. Department of Transportation, Federal Highway Administration by the Center for Transportation Research, Bureau of Engineering Research, the University of Texas at Austin.
|
| 264 |
|
1 |
|a Austin, Tex. :
|b The Center ;
|a Springfield, Va. :
|b Available through the National Technical Information Service,
|c [1983]
|
| 300 |
|
|
|a xvii, 114 pages :
|b illustrations, 1 map ;
|c 28 cm.
|
| 336 |
|
|
|a text
|b txt
|2 rdacontent
|
| 337 |
|
|
|a unmediated
|b n
|2 rdamedia
|
| 338 |
|
|
|a volume
|b nc
|2 rdacarrier
|
| 490 |
1 |
|
|a Research report / Center for Transportation Research, Bureau of Engineering Research, the University of Texas at Austin ;
|v no. 183-15F
|
| 500 |
|
|
|a "July 1983."
|
| 500 |
|
|
|a "Tensile characterization of highway pavement materials, Research project 3-9-72-183."
|
| 504 |
|
|
|a Bibliography : pages 111-114.
|
| 650 |
|
0 |
|a Road materials
|x Testing.
|
| 650 |
|
0 |
|a Pavements
|x Live loads
|x Testing.
|
| 650 |
|
0 |
|a Pavements
|x Testing.
|
| 650 |
|
0 |
|a Pavements, Asphalt concrete
|x Testing.
|
| 650 |
|
0 |
|a Asphalt concrete
|x Testing.
|
| 710 |
1 |
|
|a Texas.
|b State Department of Highways and Public Transportation.
|
| 710 |
2 |
|
|a University of Texas at Austin.
|b Center for Transportation Research.
|
| 710 |
1 |
|
|a United States.
|b Federal Highway Administration.
|
| 830 |
|
0 |
|a Research report (Austin, Tex.) ;
|v no. 183-15F.
|
| 999 |
|
|
|a MARS
|
| 999 |
f |
f |
|s fa9005ed-3205-3cb9-ac4d-57463d7fa2f2
|i 54767d48-db7c-3c6a-9a22-5dd3baf6df96
|t 0
|
| 952 |
f |
f |
|p ric
|a Texas A&M University
|b Rellis Campus
|c Joint Library Facility
|d Remote Storage
|t 0
|e HE203 .T43 no.183-15F
|h Library of Congress classification
|i unmediated -- volume
|m A14851287327
|
| 998 |
f |
f |
|a HE203 .T43 no.183-15F
|t 0
|l Remote Storage
|